[Event "Wijk Cultural Village"]
[Site "Wijk aan Zee"]
[Date "2010.11.24"]
[Round "9"]
[White "Plukkel, Sjoerd"]
[Black "Peelen, Piet"]
[Result "0-1"]
[WhiteElo "2274"]
[BlackElo "2363"]
[PlyCount "60"]
[EventDate "2010.11.15"]
[EventType "tourn"]
[EventRounds "9"]
[EventCountry "NED"]
[EventCategory "7"]
[SourceTitle "EXT 2011"]
[Source "ChessBase"]
[SourceDate "2010.11.26"]
[SourceVersion "1"]
[SourceVersionDate "2010.11.26"]
[SourceQuality "1"]

1. e4 c6 2. d4 d5 3. e5 Bf5 4. Nc3 e6 5. g4 Bg6 6. Nge2 Ne7 7. Nf4 c5 8. h4 cxd4 9. Nb5 Nec6 10. h5 Be4 11. f3 a6 12. fxe4 axb5 13. exd5 exd5 14. e6 Bb4+ 15. Bd2 0-0 16. h6 fxe6 17. c3 dxc3 18. bxc3 Rxf4 19. Bd3 Qf6 20. cxb4 Qe5+ 21. Be2 Re4 22. Kf2 Nd4 23. Bd3 Ra3 24. Bxe4 Qg3+ 25. Kf1 dxe4 26. Bc3 Rxc3 27. Qxd4 Rf3+ 28. Ke2 Qg2+ 29. Kd1 Qxh1+ 30. Kc2 Qg2+ 0-1

[Event "Wijk Cultural Village"]
[Site "Wijk aan Zee"]
[Date "2010.11.22"]
[Round "7"]
[White "Arun Prasad, Subramanian"]
[Black "Plukkel, Sjoerd"]
[Result "1-0"]
[WhiteElo "2519"]
[BlackElo "2274"]
[PlyCount "79"]
[EventDate "2010.11.15"]
[EventType "tourn"]
[EventRounds "9"]
[EventCountry "NED"]
[EventCategory "7"]
[SourceTitle "EXT 2011"]
[Source "ChessBase"]
[SourceDate "2010.11.26"]
[SourceVersion "1"]
[SourceVersionDate "2010.11.26"]
[SourceQuality "1"]

1. d4 Nf6 2. c4 e6 3. g3 Bb4+ 4. Bd2 Qe7 5. Nf3 0-0 6. Bg2 Bxd2+ 7. Qxd2 d6 8. Nc3 e5 9. 0-0 Re8 10. Rac1 c6 11. e4 Na6 12. h3 Bd7 13. Rfe1 Rad8 14. a3 Nh5 15. Rcd1 Qf6 16. Re3 Be6 17. b3 Nc7 18. Rd3 Rb8 19. Nh2 Qg6 20. dxe5 dxe5 21. Rd6 f6 22. Qe3 Na6 23. Ne2 Qg5 24. Qxa7 f5 25. exf5 Bxf5 26. g4 Bc2 27. R1d2 Bxb3 28. gxh5 Bxc4 29. Ng3 Nc7 30. Ne4 Qxh5 31. Ng4 Kh8 32. Rd7 Ne6 33. Nd6 Ra8 34. Qe3 Bd5 35. Bxd5 cxd5 36. Nxe8 Nf4 37. Qxe5 Nxh3+ 38. Kf1 Qxg4 39. Qxg7+ Qxg7 40. Nxg7 1-0

[Event "Wijk Cultural Village"]
[Site "Wijk aan Zee"]
[Date "2010.11.17"]
[Round "3"]
[White "Swiercz, Dariusz"]
[Black "Plukkel, Sjoerd"]
[Result "1/2-1/2"]
[WhiteElo "2522"]
[BlackElo "2274"]
[PlyCount "129"]
[EventDate "2010.11.15"]
[EventType "tourn"]
[EventRounds "9"]
[EventCountry "NED"]
[EventCategory "7"]
[SourceTitle "EXT 2011"]
[Source "ChessBase"]
[SourceDate "2010.11.26"]
[SourceVersion "1"]
[SourceVersionDate "2010.11.26"]
[SourceQuality "1"]

1. d4 e6 2. Nf3 Nf6 3. c4 Bb4+ 4. Nc3 0-0 5. e3 d6 6. Bd3 Bxc3+ 7. bxc3 Nbd7 8. 0-0 b6 9. e4 e5 10. Nd2 Re8 11. Re1 Nf8 12. Nf1 Ne6 13. Bc2 c5 14. dxe5 dxe5 15. Ne3 Qxd1 16. Rxd1 Ba6 17. f3 Red8 18. Bb2 Rxd1+ 19. Rxd1 Rd8 20. Re1 Ne8 21. Bc1 Nd6 22. Bd3 Nb7 23. Bf1 Na5 24. g3 Nc7 25. f4 exf4 26. gxf4 Ne6 27. f5 Ng5 28. Bg2 f6 29. e5 fxe5 30. h4 Nf7 31. Bd5 Bb7 32. Be6 Rd3 33. Kf2 Kf8 34. Ke2 e4 35. Rg1 Nd8 36. h5 Rd6 37. h6 Nxe6 38. fxe6 gxh6 39. e7+ Kxe7 40. Nf5+ Ke6 41. Nxd6 Kxd6 42. Rg7 Ba6 43. Kf2 Bxc4 44. a3 a6 45. Rxh7 Kc6 46. Rxh6+ Kb5 47. a4+ Kxa4 48. Rxb6 Bb5 49. Be3 Nb3 50. Ke1 Ka3 51. Kd1 Bd3 52. Rc6 a5 53. Bxc5+ Kb2 54. Be7 e3 55. Bf6 e2+ 56. Ke1 Kc2 57. c4 Nd2 58. Re6 Bxc4 59. Re3 Bd3 60. Be7 a4 61. Bb4 Nc4 62. Re8 a3 63. Bxa3 Nxa3 64. Rxe2+ Bxe2 65. Kxe2 1/2-1/2

[Event "Wijk Cultural Village"]
[Site "Wijk aan Zee"]
[Date "2010.11.16"]
[Round "2"]
[White "Plukkel, Sjoerd"]
[Black "Grover, Sahaj"]
[Result "0-1"]
[WhiteElo "2274"]
[BlackElo "2432"]
[PlyCount "138"]
[EventDate "2010.11.15"]
[EventType "tourn"]
[EventRounds "9"]
[EventCountry "NED"]
[EventCategory "7"]
[SourceTitle "EXT 2011"]
[Source "ChessBase"]
[SourceDate "2010.11.26"]
[SourceVersion "1"]
[SourceVersionDate "2010.11.26"]
[SourceQuality "1"]

1. e4 e6 2. d4 d5 3. e5 c5 4. c3 Nc6 5. Nf3 Bd7 6. a3 f6 7. Bd3 Qc7 8. Bf4 0-0-0 9. b4 c4 10. Bc2 fxe5 11. Bxe5 Nxe5 12. Nxe5 Be8 13. 0-0 g5 14. Nd2 Bd6 15. Qg4 Qe7 16. f4 h6 17. Rae1 Nf6 18. Qh3 Nd7 19. Nexc4 dxc4 20. Rxe6 g4 21. Qxg4 Qf8 22. Nxc4 Bc7 23. Ne5 Rg8 24. Ng6 Bf7 25. Ne7+ Kb8 26. Nxg8 h5 27. Qf5 Bxe6 28. Qxe6 Qxg8 29. Qxg8 Rxg8 30. Bb3 Re8 31. Ba4 Kc8 32. f5 Re3 33. f6 Nf8 34. Rf3 Rxf3 35. gxf3 Bd8 36. f7 Bg5 37. Kf2 Bc1 38. Ke2 Kd8 39. Bb3 Ke7 40. a4 h4 41. Bd5 b6 42. Kd3 h3 43. Kc2 Bf4 44. Bc4 Nh7 45. Bf1 Ng5 46. Kd3 Bxh2 47. Ke3 Bg1+ 48. Ke2 Ne6 49. Bxh3 Nf4+ 50. Kf1 Nxh3 51. Kg2 Be3 52. Kxh3 Bd2 53. c4 Bxb4 54. Kg4 Bc3 55. c5 bxc5 56. dxc5 Kxf7 57. Kf5 Ke7 58. Ke4 Kd7 59. Kd5 Bd2 60. c6+ Kc7 61. Kc5 a6 62. Kd5 Be3 63. Ke4 Bc5 64. Kd5 Bd6 65. a5 Bb4 66. f4 Bxa5 67. f5 Bb4 68. Kc4 Ba3 69. Kd5 Bf8 0-1

[Event "Corus-C"]
[Site "Wijk aan Zee"]
[Date "2010.01.30"]
[Round "12"]
[White "Peng, Zhaoqin"]
[Black "Plukkel, Sjoerd"]
[Result "0-1"]
[WhiteElo "2402"]
[BlackElo "2279"]
[PlyCount "130"]
[EventDate "2010.01.16"]
[EventType "tourn"]
[EventRounds "13"]
[EventCountry "NED"]
[EventCategory "9"]
[SourceTitle "CBM 134 Extra"]
[Source "ChessBase"]
[SourceDate "2010.03.03"]
[SourceVersion "1"]
[SourceVersionDate "2010.03.03"]
[SourceQuality "1"]

1. d4 e6 2. c4 Bb4+ 3. Nd2 Nf6 4. a3 Bxd2+ 5. Qxd2 b6 6. f3 d5 7. e3 0-0 8. b3 Ba6 9. Bb2 c5 10. Rc1 cxd4 11. exd4 Qe7 12. Bd3 dxc4 13. bxc4 Nc6 14. Ne2 Na5 15. Qb4 Rfe8 16. Bc3 Qd7 17. Kf2 Rac8 18. Ba1 e5 19. Rhd1 e4 20. fxe4 Ng4+ 21. Kg1 Ne3 22. Re1 Bxc4 23. Qd2 Bxd3 24. Qxd3 Ng4 25. Ng3 Qd6 26. Qf3 Nxh2 27. Qe3 Ng4 28. Qf3 Qg6 29. Nf5 Rxc1 30. Rxc1 Qh5 31. Bb2 Nb3 32. Rc2 Qh2+ 33. Kf1 Qh1+ 34. Ke2 Nh2 35. Qf4 Qxg2+ 36. Kd3 Qh3+ 37. Ne3 Qf3 38. Qe5 Kf8 39. Qd6+ Kg8 40. Qe7 Nc5+ 41. Rxc5 Rf8 42. Rf5 Qh1 43. Qc7 Ng4 44. Nxg4 Qd1+ 45. Ke3 Qxg4 46. d5 Qg1+ 47. Rf2 Qe1+ 48. Re2 Qg1+ 49. Kd2 Qg5+ 50. Kd3 h5 51. Qe5 Qg4 52. Qf5 Qg3+ 53. Kd2 h4 54. Qe5 Qg4 55. Rf2 Qg1 56. Ke3 h3 57. Qh2 Qg4 58. Rf4 Qd1 59. Rf3 Qe1+ 60. Kf4 Qh4+ 61. Ke3 Qe1+ 62. Kd4 Re8 63. Qxh3 Rxe4+ 64. Kd3 Qe2+ 65. Kc3 Qc4+ 0-1

[Event "Corus-C"]
[Site "Wijk aan Zee"]
[Date "2010.01.22"]
[Round "6"]
[White "Grandelius, Nils"]
[Black "Plukkel, Sjoerd"]
[Result "1-0"]
[WhiteElo "2515"]
[BlackElo "2279"]
[PlyCount "51"]
[EventDate "2010.01.16"]
[EventType "tourn"]
[EventRounds "13"]
[EventCountry "NED"]
[EventCategory "9"]
[SourceTitle "CBM 134 Extra"]
[Source "ChessBase"]
[SourceDate "2010.03.03"]
[SourceVersion "1"]
[SourceVersionDate "2010.03.03"]
[SourceQuality "1"]

1. e4 e5 2. Nf3 Nf6 3. Nxe5 d6 4. Nf3 Nxe4 5. d4 d5 6. Bd3 Be7 7. 0-0 Nc6 8. c4 Nb4 9. cxd5 Nxd3 10. Qxd3 Qxd5 11. Re1 Bf5 12. g4 Bg6 13. Nc3 Nxc3 14. Qxc3 Rc8 15. Bf4 Kf8 16. Re2 h5 17. Rae1 hxg4 18. Rxe7 Qxf3 19. Qxc7 Qc6 20. Qxb7 Qxb7 21. Rxb7 a5 22. Rb5 a4 23. d5 Rh5 24. d6 Rxb5 25. d7 Bf5 26. Re8+ 1-0

[Event "Corus-C"]
[Site "Wijk aan Zee"]
[Date "2010.01.19"]
[Round "4"]
[White "Van Kampen, Robin"]
[Black "Plukkel, Sjoerd"]
[Result "1-0"]
[WhiteElo "2475"]
[BlackElo "2279"]
[PlyCount "43"]
[EventDate "2010.01.16"]
[EventType "tourn"]
[EventRounds "13"]
[EventCountry "NED"]
[EventCategory "9"]
[SourceTitle "CBM 134 Extra"]
[Source "ChessBase"]
[SourceDate "2010.03.03"]
[SourceVersion "1"]
[SourceVersionDate "2010.03.03"]
[SourceQuality "1"]

1. e4 d6 2. d4 Nf6 3. Nc3 Nbd7 4. Nf3 e5 5. g4 Nxg4 6. Rg1 Ngf6 7. Be3 c6 8. Qd2 Qc7 9. 0-0-0 b5 10. dxe5 Nxe5 11. Nxe5 dxe5 12. Bxb5 Be6 13. Ba4 Bb4 14. Rxg7 Nxe4 15. Qd3 Nxc3 16. bxc3 Bf8 17. Rxh7 Rxh7 18. Qxh7 Bxa2 19. Qh8 Rb8 20. Bxc6+ Ke7 21. Bg5+ Ke6 22. Qf6# 1-0

[Event "Corus-C"]
[Site "Wijk aan Zee"]
[Date "2010.01.16"]
[Round "1"]
[White "Vocaturo, Daniele"]
[Black "Plukkel, Sjoerd"]
[Result "1-0"]
[WhiteElo "2495"]
[BlackElo "2279"]
[PlyCount "99"]
[EventDate "2010.01.16"]
[EventType "tourn"]
[EventRounds "13"]
[EventCountry "NED"]
[EventCategory "9"]
[SourceTitle "CBM 134 Extra"]
[Source "ChessBase"]
[SourceDate "2010.03.03"]
[SourceVersion "1"]
[SourceVersionDate "2010.03.03"]
[SourceQuality "1"]

1. e4 e5 2. Bc4 Nf6 3. d3 Bc5 4. Nf3 d6 5. c3 0-0 6. 0-0 Bg4 7. h3 Bh5 8. Re1 Nbd7 9. Nbd2 a5 10. Bb3 c6 11. Nf1 Qb6 12. Qe2 d5 13. Ng3 Bg6 14. Bc2 dxe4 15. dxe4 Nh5 16. Nxh5 Bxh5 17. g4 Bg6 18. Nh4 Nf6 19. Qf3 Rad8 20. Rb1 Rd7 21. a3 a4 22. Bg5 h6 23. Bxf6 gxf6 24. b4 axb3 25. Bxb3 Kg7 26. Nf5+ Bxf5 27. gxf5 Qa7 28. Kh1 Kh7 29. Rg1 Qb8 30. Qh5 Qd8 31. Rg2 Rg8 32. Bxf7 Rxg2 33. Kxg2 Qf8 34. Qg6+ Kh8 35. Qxf6+ Qg7+ 36. Qxg7+ Kxg7 37. Be6 Rc7 38. a4 Kf6 39. Kf3 Rg7 40. a5 b5 41. a6 Ra7 42. Bc8 Rc7 43. Bb7 Rd7 44. Ke2 Rd6 45. Rg1 Kf7 46. Bc8 Rd8 47. Be6+ Ke8 48. f6 Bf8 49. Rg7 Ra8 50. Rc7 1-0

[Event "Wijk Cultural Village"]
[Site "Wijk aan Zee"]
[Date "2009.11.25"]
[Round "8"]
[White "Plukkel, Sjoerd"]
[Black "Siebrecht, Sebastian"]
[Result "1-0"]
[WhiteElo "2259"]
[BlackElo "2474"]
[PlyCount "87"]
[EventDate "2009.11.17"]
[EventType "tourn"]
[EventRounds "9"]
[EventCountry "NED"]
[EventCategory "4"]
[SourceTitle "EXT 2015"]
[Source "ChessBase"]
[SourceDate "2014.11.20"]
[SourceVersion "1"]
[SourceVersionDate "2014.11.20"]
[SourceQuality "1"]

1. e4 g6 2. d4 Bg7 3. Nc3 d6 4. Bg5 a6 5. Qd2 Nd7 6. f4 c5 7. Nf3 cxd4 8. Nxd4 Ngf6 9. 0-0-0 0-0 10. Be2 Qc7 11. Bf3 Nb6 12. e5 dxe5 13. fxe5 Qxe5 14. Rhe1 Qc7 15. Bf4 Qc4 16. Be2 Qc5 17. Nb3 Qf5 18. Bc7 Nfd7 19. Rf1 Bxc3 20. Qxc3 Qe6 21. Bf3 Qc4 22. Qxc4 Nxc4 23. Rfe1 e6 24. Rd4 Ncb6 25. Na5 Nd5 26. Bd6 Rd8 27. c4 N5f6 28. Nxb7 Bxb7 29. Bxb7 Ra7 30. Bf3 Rc8 31. b4 a5 32. b5 a4 33. Kb2 Nc5 34. Bc6 Nfd7 35. Red1 a3+ 36. Kc2 Ra4 37. Bxc5 Nxc5 38. Rd8+ Rxd8 39. Rxd8+ Kg7 40. Kc3 Ra7 41. b6 Re7 42. Kb4 Nb7 43. Bxb7 Rxb7 44. Kb5 1-0

[Event "Wijk Cultural Village"]
[Site "Wijk aan Zee"]
[Date "2009.11.19"]
[Round "3"]
[White "Burg, Twan"]
[Black "Plukkel, Sjoerd"]
[Result "1-0"]
[WhiteElo "2460"]
[BlackElo "2259"]
[PlyCount "95"]
[EventDate "2009.11.17"]
[EventType "tourn"]
[EventRounds "9"]
[EventCountry "NED"]
[EventCategory "4"]
[SourceTitle "EXT 2015"]
[Source "ChessBase"]
[SourceDate "2014.11.20"]
[SourceVersion "1"]
[SourceVersionDate "2014.11.20"]
[SourceQuality "1"]

1. e4 c5 2. Nf3 d6 3. Nc3 Nf6 4. e5 dxe5 5. Nxe5 Nbd7 6. Nc4 e6 7. g3 Be7 8. Bg2 0-0 9. d3 Nb6 10. Qe2 Nbd5 11. 0-0 b6 12. a4 Bb7 13. Ne4 Qc7 14. b3 Nd7 15. Bb2 Rae8 16. f4 f5 17. Ned2 Bf6 18. Bxf6 gxf6 19. Rae1 Nc3 20. Qf2 Bxg2 21. Qxg2 Nb8 22. Nf3 Nc6 23. Qd2 Nd5 24. d4 cxd4 25. Nxd4 Nxd4 26. Qxd4 Nb4 27. Rf2 Rd8 28. Qe3 Rfe8 29. Rfe2 Nd5 30. Qf3 Qc5+ 31. Kh1 Nc7 32. h3 Qd5 33. Kg2 Qxf3+ 34. Kxf3 Rd4 35. Ne3 Red8 36. Rg2 Kf7 37. g4 Nd5 38. Nxd5 R8xd5 39. Rge2 fxg4+ 40. hxg4 Rd6 41. Rh1 Kg8 42. Rh6 e5 43. fxe5 fxe5 44. Rxd6 Rxd6 45. Rxe5 Rd2 46. Re2 Rd7 47. Re6 Rc7 48. c4 1-0

[Event "Wijk Cultural Village"]
[Site "Wijk aan Zee"]
[Date "2009.11.18"]
[Round "2"]
[White "Plukkel, Sjoerd"]
[Black "Peelen, Piet"]
[Result "1/2-1/2"]
[WhiteElo "2259"]
[BlackElo "2342"]
[PlyCount "140"]
[EventDate "2009.11.17"]
[EventType "tourn"]
[EventRounds "9"]
[EventCountry "NED"]
[EventCategory "4"]
[SourceTitle "EXT 2015"]
[Source "ChessBase"]
[SourceDate "2014.11.20"]
[SourceVersion "1"]
[SourceVersionDate "2014.11.20"]
[SourceQuality "1"]

1. e4 c5 2. Nf3 Nc6 3. Nc3 e6 4. d4 cxd4 5. Nxd4 Qc7 6. Be2 Nf6 7. 0-0 Be7 8. Be3 0-0 9. Kh1 d6 10. f4 Nxd4 11. Bxd4 Bd7 12. Qe1 Bc6 13. Qg3 g6 14. Bf3 Rad8 15. f5 b5 16. fxe6 fxe6 17. e5 dxe5 18. Bxe5 Bd6 19. Qh3 Bxe5 20. Qxe6+ Kg7 21. Qxc6 Qxc6 22. Bxc6 b4 23. Na4 Ng4 24. Rxf8 Rxf8 25. h3 Nf2+ 26. Kg1 h5 27. Re1 Bg3 28. Re7+ Kf6 29. Re3 h4 30. Rf3+ Ke7 31. Rxf8 Kxf8 32. Kf1 Ke7 33. Ke2 Kd6 34. Bf3 a5 35. b3 Ke5 36. Ke3 Nh1 37. Nb2 Bf4+ 38. Kd3 Nf2+ 39. Kc4 Bc1 40. Na4 Kf4 41. Bc6 Nd1 42. Kb5 Ne3 43. c4 bxc3 44. Nxc3 Bd2 45. Ne2+ Ke5 46. Ng1 Bb4 47. Nf3+ Kf4 48. Nxh4 g5 49. Ng6+ Kg3 50. Ne5 Nxg2 51. Nf3 Kxh3 52. Nxg5+ Kg4 53. Ne6 Nf4 54. Nc5 Ne2 55. Kc4 Nc1 56. a4 Bxc5 57. Kxc5 Nxb3+ 58. Kb6 Kf4 59. Bd5 Nd4 60. Kxa5 Ke5 61. Bf7 Kd6 62. Kb6 Nc6 63. Bg6 Ne5 64. Be8 Nc4+ 65. Kb5 Ne5 66. a5 Kc7 67. a6 Kb8 68. Kb6 Nc4+ 69. Kc5 Ka7 70. Kxc4 Kxa6 1/2-1/2

[Event "Politiken Cup 30th"]
[Site "Helsingor"]
[Date "2008.07.26"]
[Round "9"]
[White "Plukkel, Sjoerd"]
[Black "Hansen, Torbjorn Ringdal"]
[Result "1/2-1/2"]
[WhiteElo "2215"]
[BlackElo "2423"]
[PlyCount "160"]
[EventDate "2008.07.19"]
[EventType "swiss"]
[EventRounds "10"]
[EventCountry "DEN"]
[SourceTitle "CBM 125 Extra"]
[Source "ChessBase"]
[SourceDate "2008.09.01"]
[SourceVersion "1"]
[SourceVersionDate "2008.09.01"]
[SourceQuality "1"]

1. e4 c5 2. Nf3 d6 3. d4 cxd4 4. Nxd4 Nf6 5. Nc3 a6 6. Bg5 e6 7. f4 b5 8. e5 dxe5 9. fxe5 Qc7 10. exf6 Qe5+ 11. Be2 Qxg5 12. Qd3 Ra7 13. Ne4 Qe5 14. Rf1 Rd7 15. 0-0-0 Bb7 16. Bf3 gxf6 17. Nxf6+ Qxf6 18. Bxb7 Qg5+ 19. Kb1 Be7 20. Qe4 Qg6 21. Qf3 0-0 22. Rd3 Kh8 23. g4 Rfd8 24. Be4 Qg7 25. Ne2 f6 26. Nf4 Qf7 27. Qe2 Rxd3 28. Bxd3 e5 29. Nh5 Nc6 30. Qe4 Rd6 31. Ng3 Nb4 32. Qxb4 Rxd3 33. Qe4 Rd8 34. Qb7 Qd5 35. Qxd5 Rxd5 36. Kc1 Bc5 37. Ne4 Be3+ 38. Kb1 Bg5 39. c3 Rd3 40. Nxf6 Rh3 41. Rf5 h6 42. Ne4 Bf4 43. Rf7 Kg8 44. Ra7 Rxh2 45. Rxa6 Re2 46. Nd6 Rg2 47. Ne4 Kg7 48. a4 bxa4 49. c4 Rxg4 50. c5 Rg1+ 51. Kc2 h5 52. c6 h4 53. Ra7+ Kg6 54. Nc3 Kf5 55. Rh7 Rg6 56. c7 Rc6 57. Kd3 Rxc7 58. Rxh4 e4+ 59. Ke2 Rb7 60. Nxa4 Rb4 61. b3 Rxb3 62. Rh8 Ra3 63. Nc5 Ra2+ 64. Ke1 Bg3+ 65. Kf1 e3 66. Re8 Rf2+ 67. Kg1 Bh2+ 68. Kh1 Bf4 69. Nd3 Rd2 70. Rf8+ Kg4 71. Nxf4 Rf2 72. Kg1 Rxf4 73. Rg8+ Kh3 74. Re8 Rf3 75. Re4 Kg3 76. Re7 Kf4 77. Re8 Rf2 78. Rf8+ Kg3 79. Rxf2 exf2+ 80. Kf1 Kf3 1/2-1/2

[Event "Politiken Cup 30th"]
[Site "Helsingor"]
[Date "2008.07.23"]
[Round "6"]
[White "Peschardt, Soren"]
[Black "Plukkel, Sjoerd"]
[Result "1/2-1/2"]
[WhiteElo "2137"]
[BlackElo "2215"]
[PlyCount "148"]
[EventDate "2008.07.19"]
[EventType "swiss"]
[EventRounds "10"]
[EventCountry "DEN"]
[SourceTitle "CBM 125 Extra"]
[Source "ChessBase"]
[SourceDate "2008.09.01"]
[SourceVersion "1"]
[SourceVersionDate "2008.09.01"]
[SourceQuality "1"]

1. Nf3 d6 2. d4 Bg4 3. e4 Nf6 4. Nc3 Nbd7 5. h3 Bxf3 6. Qxf3 e5 7. d5 Be7 8. Be2 0-0 9. 0-0 Ne8 10. Qg3 Kh8 11. Be3 h6 12. Bb5 a6 13. Bxd7 Qxd7 14. Qg4 f5 15. exf5 Rxf5 16. Qb4 c5 17. dxc6 bxc6 18. Qa4 d5 19. Rad1 Qe6 20. Ne2 Nc7 21. Ng3 Rf7 22. Qg4 Raf8 23. c3 Rf6 24. Bb6 Rg6 25. Qxe6 Nxe6 26. b3 Nf4 27. Rfe1 h5 28. Be3 Nxh3+ 29. gxh3 h4 30. Kg2 hxg3 31. f3 Bh4 32. Bc5 Rf5 33. c4 e4 34. Rf1 dxc4 35. b4 exf3+ 36. Rxf3 Rxf3 37. Kxf3 Rf6+ 38. Kg4 g5 39. Bd4 Kg7 40. Rf1 g2 41. Rg1 Bf2 42. Bxf6+ Kxf6 43. Rxg2 Be1 44. a3 c3 45. Kf3 Kf5 46. Rg4 Bd2 47. Rc4 Ke5 48. Ke2 Kd6 49. Kd3 Kc7 50. h4 gxh4 51. Rxh4 Kb6 52. Rh5 Be1 53. Kc2 Kb7 54. a4 Kb6 55. a5+ Kb7 56. Re5 Bh4 57. Re6 Bf2 58. Re7+ Kb8 59. Kxc3 c5 60. bxc5 Bxc5 61. Rf7 Be3 62. Rf5 Kb7 63. Kd3 Bg1 64. Kc4 Be3 65. Kd5 Bd2 66. Kd6 Bb4+ 67. Kd7 Bd2 68. Rc5 Be3 69. Rc7+ Kb8 70. Kc6 Bf2 71. Rb7+ Ka8 72. Kc7 Be3 73. Rb6 Ka7 74. Rb3 Bf2 1/2-1/2